Los gorriones buscan hogar / (Record no. 171561)
[ view plain ]
| 000 -CABECERA | |
|---|---|
| campo de control de longitud fija | 00686nam a2200217 u 4500 |
| 005 - FECHA Y HORA DE LA ÚLTIMA TRANSACCIÓN | |
| campo de control | 20230622063530.0 |
| 008 - ELEMENTOS DE LONGITUD FIJA--INFORMACIÓN GENERAL | |
| campo de control de longitud fija | 140909s2002 r 000 0 eng d |
| 020 ## - NÚMERO INTERNACIONAL NORMALIZADO PARA LIBROS | |
| Número Internacional Estándar del Libro | 488012463X |
| 035 ## - NÚMERO DE CONTROL DEL SISTEMA | |
| Número de control de sistema | UPN01000199460 |
| 049 ## - COLECCIÓN | |
| Colección | I |
| 050 #4 - SIGNATURA TOPOGRÁFICA DE LA BIBLIOTECA DEL CONGRESO | |
| Número de clasificación | PZ76.3 |
| Número de documento/Ítem | G6.367 |
| 100 1# - ASIENTO PRINCIPAL--NOMBRE PERSONAL | |
| Nombre de persona | González, Pablo |
| 9 (RLIN) | 35761 |
| 245 14 - MENCIÓN DE TÍTULO | |
| Título | Los gorriones buscan hogar / |
| Mención de responsabilidad, etc. | Pablo González ; il. Osvaldo Jalil ; tr. L. Valle. |
| 260 ## - PUBLICACIÓN, DISTRIBUCIÓN, ETC. | |
| Lugar de publicación, distribución, etc. | Japón : |
| Nombre del editor, distribuidor, etc. | Shinseken, |
| Fecha de publicación, distribución, etc. | 2002. |
| 300 ## - DESCRIPCIÓN FÍSICA | |
| Extensión | [32] p. : |
| Otras características físicas | principalmente il. col. |
| 650 #7 - ASIENTO SECUNDARIO DE MATERIA - TERMINO TEMATICO | |
| Término de materia o nombre geográfico como elemento de entrada | Aves |
| Subdivisión de forma | Cuentos y leyendas |
| Fuente del encabezamiento o término | |
| 9 (RLIN) | 4118 |
| 650 #7 - ASIENTO SECUNDARIO DE MATERIA - TERMINO TEMATICO | |
| Término de materia o nombre geográfico como elemento de entrada | Libros ilustrados para niños |
| Fuente del encabezamiento o término | |
| 9 (RLIN) | 21365 |
| 700 1# - ASIENTO SECUNDARIO--NOMBRE DE PERSONAL | |
| Nombre de persona | Jalil, Osvaldo, |
| Fechas asociadas al nombre | 1950- |
| Término indicativo de función/relación | il. |
| 9 (RLIN) | 31865 |
| 905 ## - TIPO DE MATERIAL | |
| Tipo de material | Infantil |
| Estado de retiro | Estado de pérdida | Fuente del sistema de clasificación o colocación | Estado dañado | No para préstamo | Código de colección | Localización permanente | Ubicación/localización actual | Ubicación en estantería | Fecha de adquisición | Clasificación | Código de barras | Fecha visto por última vez | Número de copia | Tipo de ítem Koha |
|---|---|---|---|---|---|---|---|---|---|---|---|---|---|---|
| Library of Congress Classification | Infantil | Bib. Gregorio Torres Quintero | Bib. Gregorio Torres Quintero | Sala infantil Planta baja | 10/05/2023 | PZ76.3 G6.367 | 297969 | 31/12/2020 | 1 | Libro |
